01380nam2a2200241 4500001002400000005001700024010002200041021001800063021001900081035002600100100004100126101000800167102000700175105001800182200012900200210001800329215002300347320003500370461051100405541011800916606009201034686001201126RU\NLR\BIBL_A\01133085020250626043818.0 a978-5-9530-0460-2 aRUb2017-3567 aRUb2017-13044 a(NLR Aleph) 011330850 a20170217d2016 |||y0rusy50 ca0 arus aRU aa z 000zy1 aSelected aspects of new particle formation in the Earth atmosphere: phenomenology and mechanistic descriptionfOlaf Hellmuth d2016aБ. м. aVI, 495 с.cил. aБиблиогр.: с. 471-495 01001RU\NLR\b_ik\20384412001#$aNucleation theory and applications$especial issues$eReview series on selected topics of atmospheric sol formation$fOlaf Hellmuth, Vitaly I. Khvorostyanov, Judith A. Curry [et al.]$gJürn W.P. Schmelzer a. Olaf Hellmuth (ed.)$gJoint inst. for nuclear research$vVol. 2cDubnad2013fOlaf Hellmuth, Vitaly I. Khvorostyanov, Judith A. Curry [et al.]nJINRospecial issues : Review series on selected topics of atmospheric sol formationtNucleation theory and applicationsvVol. 21 aИзбранные аспекты образования новых частиц в атмосфере Земли1 aАэрозоли атмосферныеxОбразование3RU\NLR\AUTH\66016114251 aД232.2